banner koha

Interacoes do cobre com outros nutrientes na cana-de-acucar - Comparacao entre resultados analiticos obtidos de plantas normais e de plantas deficientes [Saccharum spp; Analise foliar; Brasil] (Registro n. 308426)

MARC details
000 -LÍDER
campo de controle de tamanho fixo 01315naa a22003377a 4500
001 - NÚMERO DE CONTROLE
campo de controle BR7704244
003 - IDENTIFICADOR DO NÚMERO DE CONTROLE
campo de controle BR-BrBNA
005 - DATA E HORÁRIO DA ÚLTIMA TRANSAÇÃO
campo de controle 20240918174027.0
007 - CAMPO FIXO DE DESCRIÇÃO FÍSICA--INFORMAÇÃO GERAL
campo de controle de tamanho fixo ta
008 - CAMPO DE DADOS FIXOS--INFORMAÇÃO GERAL
campo de controle de tamanho fixo 230509b bl.||||| |||| 00| 0 por d
040 ## - FONTE DA CATALOGAÇÃO
Instituição da catalogação original BR-BrBNA
Idioma da catalogação por
Instituição que transcreveu o registro Biblioteca Nacional de Agricultura
041 ## - CÓDIGO DE IDIOMA
Código do idioma do texto/trilha sonora ou título diferente (En, Pt)
072 ## - CÓDIGO DE CATEGORIA DE ASSUNTO
Código de Categoria de Assunto H50; F60
Código do objeto 0230
-- 3866
-- G514
090 ## - NÚMERO DE CHAMADA LOCAL
Número de chamada H50 BR7704244
100 1# - ENTRADA PRINCIPAL--NOME PESSOAL
Nome pessoal Sultanum, E.
100 1# - ENTRADA PRINCIPAL--NOME PESSOAL
Nome pessoal Silva, M.C.A.
100 1# - ENTRADA PRINCIPAL--NOME PESSOAL
Nome pessoal Fabel Neto, E.
100 1# - ENTRADA PRINCIPAL--NOME PESSOAL
Nome pessoal Cavalcante, L.V.B.
245 1# - TÍTULO
Título Interacoes do cobre com outros nutrientes na cana-de-acucar - Comparacao entre resultados analiticos obtidos de plantas normais e de plantas deficientes [Saccharum spp; Analise foliar; Brasil]
260 3# - PUBLICAÇÃO, DISTRIBUIÇÃO, ETC.
Local de publicação, distribuição, etc. Recife, PE (Brasil):
Data da publicação, distribuição, etc. 1977.
500 ## - NOTA GERAL
Nota geral Caracterizacao das deficiencias de Cu, Fe e Mn em cana-de-acucar, atraves da diagnose foliar<br/>Recife, PE (Brasil): 1977. p. 9-16<br/>(BR7704244-AM)H50<br/>
650 ## - ASSUNTO--TERMO TÓPICO
Cabeçalho tópico ou nome geográfico CANA DE ACUCAR
650 ## - ASSUNTO--TERMO TÓPICO
Cabeçalho tópico ou nome geográfico COBRE
650 ## - ASSUNTO--TERMO TÓPICO
Cabeçalho tópico ou nome geográfico DEFICIENCIA MINERAL
650 ## - ASSUNTO--TERMO TÓPICO
Cabeçalho tópico ou nome geográfico ANALISE FOLIAR
650 ## - ASSUNTO--TERMO TÓPICO
Cabeçalho tópico ou nome geográfico MACROELEMENTO
650 ## - ASSUNTO--TERMO TÓPICO
Cabeçalho tópico ou nome geográfico NUTRIENTE MINERAL
773 0# - ENTRADA ANALÍTICA
Título Caracterizacao das deficiencias de Cu, Fe e Mn em cana-de-acucar, atraves da diagnose foliar
Número de controle do registro H50 BR7704244
Partes relacionadas Recife, PE (Brasil), 1977. p. 9-16
909 ## -
-- 202404
-- Lucia
-- 55
-- Lucia Elande
942 ## - ELEMENTOS DE ENTRADA ADICIONADOS (KOHA)
Tipo de material Koha Capítulo-Livro
Fonte da classificação ou esquema de arquivamento na estante Classificação AGRIS
Exemplares
Situação do descarte Fonte da classificação ou esquema de arquivamento na estante Situação física Não pode ser emprestado Coleção Biblioteca de origem Biblioteca atual Localização na estante Total de empréstimos Número de telefone completo Data de último acesso Número do exemplar Tipo de material Koha Situação das perdas Data de aquisição Fonte de aquisição
  Classificação AGRIS       Biblioteca Nacional de Agricultura - Binagri Biblioteca Nacional de Agricultura - Binagri Agrobase - Acervo Geral   0230 BR7704243 20/05/2024 01 Capítulo-Livro   2024-04-11 Portaria Interministerial nº 164/94

BINAGRI

Telefone: (61)3218-2567/2388/3357/2097 - binagri@agro.gov.br

Ministério da Agricultura e Pecuária , Esplanada dos Ministérios, Bloco D, Anexo B, Brasília/DF, CEP: 70.043-900